យោបល់លើគម្រោងរោងអគ្គីសនីដើរដោយដុតធ្យូងថ្មនៅស្រុកស្ទឹងហាវ ខេត្តព្រះសីហនុ (Record no. 22250)
[ view plain ]
| 000 -LEADER | |
|---|---|
| fixed length control field | 00594nam a22001217a 4500 |
| 040 ## - CATALOGING SOURCE | |
| Transcribing agency | SHN |
| 082 ## - DEWEY DECIMAL CLASSIFICATION NUMBER | |
| Classification number | SHN CAM 2015 C326 Or. |
| 100 ## - MAIN ENTRY--AUTHOR NAME | |
| Personal name | វេទិកានៃអង្គការមិនមែនរដ្ឋាភិបាល ស្តីពីកម្ពុជា |
| 245 ## - TITLE STATEMENT | |
| Title | យោបល់លើគម្រោងរោងអគ្គីសនីដើរដោយដុតធ្យូងថ្មនៅស្រុកស្ទឹងហាវ ខេត្តព្រះសីហនុ |
| 260 ## - PUBLICATION, DISTRIBUTION, ETC. (IMPRINT) | |
| Place of publication | Cambodia |
| Name of publisher | Phnom Penh |
| Year of publication | 2015 |
| 300 ## - PHYSICAL DESCRIPTION | |
| Number of Pages | XXI.69P |
| Other physical details | II |
| Dimensions | 24CM |
| 942 ## - ADDED ENTRY ELEMENTS (KOHA) | |
| Koha item type | ADB |
| 952 ## - LOCATION AND ITEM INFORMATION (KOHA) | |
| Withdrawn status [LOCAL, KOHA] | 0 |
| Permanent Location | Date acquired | Koha item type | Lost status | Shelving location | Barcode | Current Location | Full call number |
|---|---|---|---|---|---|---|---|
| Library Block C | 2023-11-24 | ADB | C326 | A074936 | Library Block C | SHN CAM 2015 C326 Or. |